[Event "RUS-CHN Summit Women 8th"]
[Site "St. Petersburg"]
[Date "2012.07.04"]
[Round "3"]
[White "Kovanova, Baira"]
[Black "Huang, Qian"]
[Result "1/2-1/2"]
[WhiteElo "2391"]
[BlackElo "2443"]
[PlyCount "147"]
[EventDate "2012.??.??"]

1. e4 e6 2. d4 d5 3. Nc3 Nf6 4. Bg5 dxe4 5. Nxe4 Nbd7 6. Nf3 Be7 7. Nxf6+ Bxf6
8. Qd2 Bxg5 9. Qxg5 Qxg5 10. Nxg5 h6 11. Nf3 Ke7 12. O-O-O Rd8 13. Bd3 Nf6 14.
c3 Bd7 15. Ne5 Be8 16. Rhe1 g5 17. Be2 c6 18. Bf3 Nd7 19. Nc4 Rac8 20. h4 Nf6
21. hxg5 hxg5 22. Re5 g4 23. Be2 Bd7 24. Ne3 Rh8 25. Nxg4 Nd5 26. Bf3 f6 27.
Ree1 b5 28. Ne3 Kd6 29. Rh1 Rcg8 30. Kd2 Be8 31. g3 Nb6 32. Rxh8 Rxh8 33. Rh1
Rxh1 34. Bxh1 c5 35. dxc5+ Kxc5 36. Be4 Kd6 37. b3 Nd7 38. f4 f5 39. Bf3 Nf6
40. Kd3 Bh5 41. Bg2 Kc5 42. Nc2 Be8 43. Nd4 Bd7 44. Ne2 b4 45. c4 e5 46. Bh3
exf4 47. gxf4 Ne4 48. Ke3 a5 49. Bg2 Nd6 50. Nc1 Nxc4+ 51. bxc4 Kxc4 52. Nd3
Be6 53. Bf1 Kc3 54. Nc1 Kc2 55. Nb3 Bxb3 56. Bd3+ Kb2 57. axb3 Kxb3 58. Bxf5 a4
59. Be6+ Kb2 60. f5 a3 61. f6 b3 62. f7 a2 63. f8=Q a1=Q 64. Qh8+ Kb1 65. Qh1+
Kb2 66. Qg2+ Ka3 67. Qa8+ Kb2 68. Qh8+ Kb1 69. Qh7+ Kb2 70. Qg7+ Kb1 71. Qg1+
Kb2 72. Qg2+ Ka3 73. Qa8+ Kb2 74. Qh8+ 1/2-1/2

[Event "RUS-CHN Summit Women 8th"]
[Site "St. Petersburg"]
[Date "2012.07.06"]
[Round "5"]
[White "Gunina, Valentina"]
[Black "Ju, Wenjun"]
[Result "1/2-1/2"]
[WhiteElo "2533"]
[BlackElo "2518"]
[PlyCount "118"]
[EventDate "2012.??.??"]

1. d4 Nf6 2. c4 g6 3. Nc3 Bg7 4. e4 d6 5. Nf3 O-O 6. Be2 e5 7. O-O Nc6 8. d5
Ne7 9. b4 Nh5 10. g3 a5 11. b5 b6 12. Nh4 Nf6 13. Be3 Bh3 14. Re1 h6 15. f3 Nd7
16. Bd3 g5 17. Ng2 f5 18. exf5 e4 19. Nxe4 Nxf5 20. Rc1 Ne5 21. Nf2 Qd7 22.
Nxh3 Nxg3 23. f4 Qxh3 24. hxg3 gxf4 25. gxf4 Nf3+ 26. Kf2 Nxe1 27. Qxe1 Rae8
28. Bg6 Re7 29. Rd1 Qg4 30. Bc2 Be5 31. Qe2 Qxe2+ 32. Kxe2 Bxf4 33. Nxf4 Rxf4
34. Rg1+ Kf7 35. Bg6+ Kf8 36. Kd3 Rf3 37. Be4 Rh3 38. Rg6 Kf7 39. Rxh6 Rxh6 40.
Bxh6 Kf6 41. Be3 Re8 42. Bh7 Kf7 43. Bf5 Rh8 44. a4 Rh1 45. c5 dxc5 46. Bf4
Rd1+ 47. Kc3 Rxd5 48. Bh3 Rd4 49. Bxc7 Rxa4 50. Bg2 Ke7 51. Bxb6 Kd6 52. Bc6
Ra3+ 53. Kb2 Ra4 54. Ba7 Rb4+ 55. Ka3 c4 56. Bd4 c3 57. Bxc3 Rc4 58. Bxa5 Rxc6
59. bxc6 Kxc6 1/2-1/2

[Event "RUS-CHN Summit Women 8th"]
[Site "St. Petersburg"]
[Date "2012.07.06"]
[Round "5"]
[White "Girya, Olga"]
[Black "Ding, Yixin"]
[Result "1/2-1/2"]
[WhiteElo "2414"]
[BlackElo "2422"]
[PlyCount "62"]
[EventDate "2012.??.??"]

1. d4 Nf6 2. c4 g6 3. Nc3 d5 4. cxd5 Nxd5 5. Bd2 Bg7 6. e4 Nxc3 7. Bxc3 c5 8.
d5 Bxc3+ 9. bxc3 Qd6 10. Qd2 O-O 11. Nf3 Nd7 12. Rd1 Ne5 13. Be2 Nxf3+ 14. Bxf3
e5 15. h4 f5 16. h5 fxe4 17. Bxe4 Bf5 18. Qe3 Bxe4 19. Qxe4 Rf4 20. Qe3 Raf8
21. hxg6 Qxg6 22. O-O Rg4 23. Qh3 Rf5 24. d6 Rxg2+ 25. Qxg2 Rg5 26. Qxg5 Qxg5+
27. Kh2 Qh4+ 28. Kg2 Qg4+ 29. Kh2 Qh4+ 30. Kg2 Qg4+ 31. Kh2 Qh4+ 1/2-1/2

[Event "RUS-CHN Summit Women 8th"]
[Site "St. Petersburg"]
[Date "2012.07.06"]
[Round "5"]
[White "Zhao, Xue"]
[Black "Kovanova, Baira"]
[Result "1-0"]
[WhiteElo "2556"]
[BlackElo "2391"]
[PlyCount "79"]
[EventDate "2012.??.??"]

1. Nf3 c5 2. c4 Nc6 3. Nc3 e5 4. e3 Nf6 5. d4 cxd4 6. exd4 e4 7. Ne5 Bb4 8. Be2
Qa5 9. O-O O-O 10. c5 d5 11. Bf4 Bxc3 12. bxc3 Nd8 13. Qb3 Ne6 14. Bg3 Ne8 15.
c6 b5 16. Bxb5 Rb8 17. a4 N8c7 18. Qc2 a6 19. Be2 f6 20. Nd7 Bxd7 21. cxd7 Qb6
22. Rab1 Qc6 23. Rxb8 Rxb8 24. Rb1 Rd8 25. Bg4 Kf7 26. Qb3 g6 27. Qb7 Qxb7 28.
Rxb7 f5 29. Bd1 Rxd7 30. Be5 Ke7 31. Bb3 Kd8 32. Kf1 Kc8 33. Rb6 Rf7 34. c4
dxc4 35. Bxc4 Re7 36. d5 Nd8 37. Bf6 Re8 38. d6 Na8 39. Bxa6+ Kd7 40. Bb5+ 1-0